000 00655nam a2200277Ia 4500
005 20260324134950.0
008 008 260324s9999 xx 000 0 eng d
020 _a9781843143116
037 _aEBOOK
040 _aCRL
040 _beng
040 _cCRL
041 _2eng
041 _aeng
084 _qCRL
100 _aJohn Epp
_91198820
245 0 _aBuilding on The Decade of Disclosure In Criminal Procedure
260 _bTaylor and Francis
260 _c2001
365 _a
365 _b230
856 _uhttp://www.taylorfrancis.com/books/9781843143116
942 _cEBOOK
999 _c1799434
_d1799434